The murder of the man who was´Shakespeare

Gespeichert in:
Bibliographische Detailangaben
1. Verfasser: Hoffman, Calvin
Format: Buch
Sprache:Undetermined
Veröffentlicht: New York, Estados Unidos Julian Messner 1955
Schlagworte:
Tags: Tag hinzufügen
Keine Tags, Fügen Sie den ersten Tag hinzu!

MARC

LEADER 00000nam a2200000Ia 4500
008 170316s9999 xx 000 0 und d
040 |a cru BVZT 
090 |a C-820 H-5m 
100 |a Hoffman, Calvin 
245 4 |a The murder of the man who was´Shakespeare 
260 |a New York, Estados Unidos 
260 |b Julian Messner 
260 |c 1955 
300 |a 232páginas 
650 |a LITERATURA INGLESA  |9 12 
650 |a CRÍTICA 
999 |c 12906  |d 12906 
942 |c LIB  |h C-820 H-5m  |2 z